Top 10 Songs by The White Stripes - Statistics

General Stats
  • This quiz has been taken 3 times
  • The average score is 5 of 10
Answer Stats
Hint Answer % Correct
1 Seven Nation Army
100%
5 Ball and Biscuit
67%
6 Dead Leaves and the Dirty Ground
67%
2 Fell in Love With a Girl
67%
8 Icky Thump
67%
7 Blue Orchid
33%
10 Hello Operator
33%
9 Hotel Yorba
33%
3 The Hardest Button to Button
33%
4 We're Going to Be Friends
33%
No matching quizzes found
Score Distribution
Percent of People with Each Score
Percentile by Number Answered
Your Score History
You have not taken this quiz